000
00321nam a2200133Ia 4500
008
191201s2000 xx 000 0 und d
100
_a
TARTAROTTI, Margaux
245
4
_a
The Fine Art of Dressing
250
_a
1st
260
_a
N.Delhi
_b
Perigee Fashion
_c
2000
300
_a
214
650
_a
B.Tech(TE)
942
_2
ddc
_c
BK
999
_c
2589
_d
2589